|
|
|
|
| LEADER |
00000cam a2200000 i 4500 |
| 001 |
1/80009 |
| 008 |
990507s1998 gr | ||| |||| ||gre|| |
| 035 |
|
|
|l 10050527
|
| 040 |
|
|
|a GR-MY-UA
|b gre
|e aacr
|
| 041 |
0 |
|
|a gre
|
| 082 |
0 |
|
|a 338.4791495
|
| 100 |
1 |
|
|a Παυλόπουλος, Παναγιώτης Γ.,
|d 1930-
|
| 245 |
1 |
0 |
|a Περιφερειακή ανάπτυξη της Ελλάδος και τουρισμός /
|c Παναγιώτης Γ. Παυλόπουλος ; Ανδρέας Κ. Κουζέλης ; Ινστιτούτο Τουριστικών Ερευνών και Προβλέψεων
|
| 260 |
|
|
|a Αθήνα :
|b ΙΤΕΠ,
|c 1998
|
| 300 |
|
|
|a xi, 145 σ.
|
| 490 |
1 |
|
|a Μελέτες
|v ; 3
|
| 504 |
|
|
|a Περιέχει βιβλιογραφία
|
| 650 |
0 |
0 |
|a Tourism
|z Greece.
|
| 650 |
0 |
0 |
|a Regional planning
|z Greece.
|
| 700 |
1 |
|
|a Κουζέλης, Ανδρέας Κ.
|
| 710 |
2 |
|
|a Ινστιτούτο Τουριστικών Ερευνών και Προβλέψεων (Ι.Τ.Ε.Π.)
|
| 830 |
|
0 |
|a Μελέτες ;
|v ; 3
|
| 852 |
|
|
|a INST
|b CHIOS
|e 20040108
|h 338.4791495 ΠΑΥ
|p 005200012810
|q 005200012810
|t BK
|y 0
|
| 852 |
|
|
|a INST
|b CHIOS
|e 19990507
|h 338.4791495 ΠΑΥ
|p 005200014392
|q 005200014392
|t BK
|y 0
|
| 852 |
|
|
|a INST
|b CHIOS
|e 19990507
|h 338.4791495 ΠΑΥ
|p 005200014393
|q 005200014393
|t BK
|y 0
|
| 852 |
|
|
|a INST
|b CHIOS
|e 20011018
|h 338.4791495 ΠΑΥ
|p 005200020943
|q 005200020943
|t BK
|y 0
|
| 901 |
|
|
|a BIBL-1999-2
|
| 901 |
|
|
|a BIBL2-2004-1
|
| 909 |
|
|
|a Χ
|b 055725
|
| 909 |
|
|
|a Χ
|b 055726
|
| 909 |
|
|
|a Χ
|b 084075
|
| 909 |
|
|
|a Χ
|b 107758
|
| 922 |
|
|
|a 2ΔΩΡ
|b 199905
|c ΜΕΤΑΠΤΥΧΙΑΚΟ ΤΟΥΡΙΣΜΟΥ
|